000 00297nam a22001337a 4500
008 170411b xxu||||| |||| 00| 0 eng d
020 _a9780683062410
041 _aeng
080 _23 ED
_a618
100 _a10
101 _aSHM
245 _aOBSTRETRICS GYNECOLOGY
_cBECK.W.W
942 _2udc
_cBK
999 _c10365
_d10365